Quien viste a los equipos de futbol - Estadísticas

Estadísticas generales
  • Esta prueba ha sido intentada 108 veces
    107 desde el último reinicio
  • La puntuación promedio es 29 de 37
Estadísticas de respuestas
Equipo Marca % Correcto
Real Madrid Adidas
100%
Manchester United Adidas
100%
Bayern Munchen Adidas
100%
Juventus Adidas
100%
Olympique Lyon Adidas
100%
Roma Adidas
100%
Ajax Adidas
100%
Benfica Adidas
100%
FC Barcelona Nike
100%
Atletico de Madrid Nike
100%
Liverpool Nike
100%
Tottenham Nike
100%
Arsenal Nike
100%
Chelsea Nike
100%
Inter de Milan Nike
100%
PSG Nike
100%
Sporting Lisboa Nike
100%
Valencia Puma
92%
Manchester City Puma
92%
Borussia Dortmund Puma
92%
RB Leipzig Puma
92%
Olympique Marselle Puma
92%
PSV Puma
92%
Shaktar Donest Puma
92%
Villarreal Joma
63%
Atalanta Joma
63%
Lille New Balance
54%
Oporto New Balance
54%
Betis Hummel
51%
Sevilla Castore
50%
Athletic Club Castore
50%
Newcastle United Castore
50%
Real Sociedad Macron
34%
Brujas Macron
34%
Lazio Mizuno
18%
AC Milan Off-White
4%
Napoli EA7 Emporio Armani
3%
No se encontraron pruebas coincidentes
Distribución de puntuación
Porcentaje de gente con cada puntuación
Porcentaje por número respondido
Historial de tus puntuaciones
No has intentado esta prueba desde el último reinicio